Loading...
| Science - Chemistry | 0 | 8 | 0 | 1 | 80 | 17 | 62.13 | 2 | 6 | 28.43 | 46.88 |
| Science - Physics | 0 | 8 | 1 | 0 | 75 | 27 | 60.75 | 3 | 7 | 32.37 | 56.25 |
| Literature - World | 0 | 7 | 0 | 0 | 70 | 48 | 86.14 | 1 | 7 | 22.85 | 42.71 |
| Science - Biology | 0 | 5 | 0 | 2 | 50 | 53 | 87.40 | 1 | 3 | 9.48 | 22.92 |
| Mythology | 0 | 5 | 0 | 0 | 50 | 65 | 88.60 | 1 | 1 | 11.66 | 22.92 |
| Literature - British | 0 | 5 | 2 | 0 | 40 | 22 | 60.00 | 2 | 4 | 23.94 | 32.29 |
| Philosophy | 0 | 3 | 0 | 1 | 30 | 50 | 82.67 | 2 | 2 | 7.19 | 17.71 |
| Fine Arts - Painting and Sculpture | 0 | 3 | 0 | 0 | 30 | 61 | 76.67 | 1 | 3 | 9.86 | 20.83 |
| Literature - European | 0 | 3 | 1 | 0 | 25 | 72 | 83.33 | 0 | 3 | 10.45 | 19.79 |
| Literature - American | 0 | 3 | 2 | 0 | 20 | 63 | 71.67 | 1 | 2 | 12.27 | 20.83 |
| History - World | 0 | 2 | 0 | 0 | 20 | 66 | 69.50 | 1 | 2 | 8.04 | 14.58 |
| History - Other | 0 | 2 | 0 | 0 | 20 | 68 | 71.00 | 1 | 2 | 7.73 | 14.58 |
| History - European | 0 | 2 | 0 | 0 | 20 | 93 | 95.00 | 1 | 2 | 3.70 | 14.58 |
| Social Science | 0 | 2 | 1 | 0 | 15 | 66 | 69.00 | 1 | 2 | 6.38 | 13.54 |
| Science - Other | 0 | 4 | 5 | 1 | 15 | 60 | 78.75 | 1 | 3 | 10.90 | 22.92 |
| Other Academic | 0 | 1 | 0 | 1 | 10 | 118 | 118.00 | 0 | 0 | 0.00 | 9.38 |
| Current Events | 0 | 1 | 0 | 0 | 10 | 43 | 43.00 | 0 | 1 | 22.22 | 25.00 |
| Fine Arts - Other | 0 | 1 | 0 | 0 | 10 | 136 | 136.00 | 0 | 0 | 0.57 | 5.21 |
| Religion | 0 | 1 | 0 | 0 | 10 | 84 | 84.00 | 0 | 0 | 2.91 | 5.21 |
| History - American | 0 | 1 | 1 | 0 | 5 | 63 | 63.00 | 1 | 1 | 4.33 | 8.33 |